Vtorata socialna zaštitna mreža - v tarsene na rešenija.
Skúmanie problémov spojených s ochudobňovaním obyvateľstva a s poskytovaním sociálnej pomoci v podmienkach krízy a prechodu k trhovej ekonomike. Analýza vývoja niektorých ukazovateľov ochudobňovania obyvateľstva. Zmeny v mechanizmoch sociálnej pomoci jestvujúcich v prvej etape reformy. Zdôvodnenie n...
Guardado en:
| Autor principal: | |
|---|---|
| Formato: | Capítulo de libro |
| Lenguaje: | búlgaro |
| Materias: | |
| Etiquetas: |
Sin Etiquetas, Sea el primero en etiquetar este registro!
|
MARC
| LEADER | 00000naa a2200000 4500 | ||
|---|---|---|---|
| 001 | r011719 | ||
| 005 | 20221125115148.8 | ||
| 041 | 0 | |a bul | |
| 044 | |a BG | ||
| 245 | 1 | 0 | |a Vtorata socialna zaštitna mreža - v tarsene na rešenija. |c G. Šopov |
| 520 | |a Skúmanie problémov spojených s ochudobňovaním obyvateľstva a s poskytovaním sociálnej pomoci v podmienkach krízy a prechodu k trhovej ekonomike. Analýza vývoja niektorých ukazovateľov ochudobňovania obyvateľstva. Zmeny v mechanizmoch sociálnej pomoci jestvujúcich v prvej etape reformy. Zdôvodnenie nevyhnutnosti prestavby týchto mechanizmov tak, aby zodpovedali novým podmienkam a praxi iných krajín. | ||
| 610 | 2 | 0 | |a pomoc sociálna |
| 610 | 2 | 0 | |a hospodárstvo trhové |
| 610 | 2 | 0 | |a chudoba |
| 610 | 2 | 0 | |a ukazovatele štatistické |
| 100 | 1 | |a Šopov, G. | |